Pôsobnosť EÚ vo WTO diplomová práca

Na minha lista:
Detalhes bibliográficos
Autor principal: Gabíková, Andrea
Autor Corporativo: Obchodná fakulta EU. Katedra medzinárodného obchodu
Outros Autores: Drieniková, Kristína, 1982-
Formato: Livro
Idioma:eslovaco
Publicado em: Bratislava 2013
Tags: Adicionar Tag
Sem tags, seja o primeiro a adicionar uma tag!

MARC

LEADER 00000nbm a2200000 4500
001 0169599
005 20161109102314.7
041 0 |a slo 
044 |a SK 
245 1 0 |a Pôsobnosť EÚ vo WTO  |b diplomová práca  |c Andrea Gabíková ; školiteľ: Kristína Drieniková 
264 1 |a Bratislava  |c 2013 
300 |a 87 s. 
100 1 |a Gabíková, Andrea 
700 1 |a Drieniková, Kristína, 1982- 
710 2 |a Obchodná fakulta EU. Katedra medzinárodného obchodu